Konverzia sýpky v Smoleniach na knižnicu

Na minha lista:
Detalhes bibliográficos
Autor principal: Čišecký, Michal (Author)
Outros Autores: Poliak, Martin (Thesis advisor)
Formato: Manuscrito Livro
Idioma:eslovaco
Publicado em: 2024
Assuntos:
Acesso em linha:http://is.stuba.sk/zp/portal_zp.pl?podrobnosti=161847
https://opac.crzp.sk/?fn=detailBiblioForm&sid=E866CA411CD4E51491B18D69BB2C
Tags: Adicionar Tag
Sem tags, seja o primeiro a adicionar uma tag!

MARC

LEADER 00000ntm a22000003a 4500
001 stuzp98329
003 SK-STU
005 20240917151358.0
007 ta
008 150427s2015----xo-----f-mn---000-0-slo-d
040 |a STU  |b slo 
041 0 |a slo 
100 1 |a Čišecký, Michal  |u 010310  |4 aut  |U SvF Stavebná fakulta  |T SvF Katedra architektúry  |X 97588  |U V181|V310  |Y 19  |7 97588 
242 0 1 |a Conversion of Granary in Smolenice to Library  |y eng 
245 1 0 |a Konverzia sýpky v Smoleniach na knižnicu 
260 |c 2024 
650 4 |a knižnica  |2 slo 
650 4 |a sýpka  |2 slo 
650 4 |a konverzia  |2 slo 
650 4 |a kaviareň  |2 slo 
650 4 |a library  |2 eng 
650 4 |a café  |2 eng 
650 4 |a conversion  |2 eng 
650 4 |a granary  |2 eng 
700 1 |a Poliak, Martin  |u 010310  |k Z1  |4 ths  |U SvF Stavebná fakulta  |T SvF Katedra architektúry  |X 62739  |U V181|V310  |Y 19  |7 62739 
856 4 |u http://is.stuba.sk/zp/portal_zp.pl?podrobnosti=161847 
856 4 |u https://opac.crzp.sk/?fn=detailBiblioForm&sid=E866CA411CD4E51491B18D69BB2C